000 00844nam a2200229 a 4500
001 000328727
003 AM-YeHGA
005 20250618072051.0
008 040420s1882 gs |||||||||||||||||arm|d
040 _aAM-YeHGA
041 0 _aarm
100 0 _aԱգաթանգեղոս,
_dIV
245 1 0 _aՊատմութիւն :
_bԸնտիր մատենագիրք /
_cԱգաթանգեղոս.
246 1 _aԱգաթանգեղայ պատմութիւն
260 _aԹիֆլիս :
_bտպ. Յովհաննէս Մարտիրոսեանցի,
_c1882.
300 _a(Բ, 524) էջ ;
_c18 սմ.
504 _aՑանկ էջ՝ 513-524
650 1 4 _aՀայոց պատմություն
650 1 4 _aՀայ պատմիչների ստեղծագործությունները որպես պատմական աղբյուրներ
_94992
942 _2udc
_cBK
090 _c124266
999 _c122912
_d122912